| 000 | 00636nam a2200217Ia 4500 | ||
|---|---|---|---|
| 001 | dia_6753 | ||
| 003 | CHAP | ||
| 005 | 20251029165112.0 | ||
| 008 | 220117s1967 xx 000 0 und d | ||
| 010 | _a178018 | ||
| 040 |
_cCHAP _amxchpua |
||
| 090 | _aF 145 1967 | ||
| 100 |
_aHernández Corzo, Rodolfo _953918 |
||
| 245 |
_aImportancia de la fauna en México / _c Rodolfo Hernández Corzo |
||
| 260 |
_aMéxico : _b SAG. Subsecretaría Forestal y de la Fauna, _c1967 |
||
| 300 | _a20 p. | ||
| 901 | _aF 145 1967 | ||
| 902 | _aM | ||
| 905 | _a0000001967 MX 0000000000SPA00 | ||
| 942 |
_cFOLL _2local |
||
| 999 |
_c178018 _d178018 |
||